00708cam a2200193 4500020001500000082002200015100002800037245010400065250001000169260003700179300002600216505003300242526003700275650005900312650001300371942001200384999001900396952009900415 a087671558700a658.00216bROScD1 aRossnagel, W. B.94453210aChecklists for management, engineering, manufacturing, and product assurancec[by] W. B. Rossnagel. aVOL 1 aNew York,bSpartan Booksc[1971- av. billus.c24 cm.1 av. 1. Management checklists. a0b0c0d658_002160000000000_ROS 0aIndustrial engineeringxOutlines, syllabi, etc.944667 0aMCE9379 2ddccBK c548391d548391 00102ddc4070aMCEbMCEd2014-08-27l0o658.00216 ROSpMCE-41672r2014-08-27w2014-08-27yBK